Interclonal variability, correlations and genetic parameters of certain anatomical and physiological characters and their importance as selection criteria for drought tolerance in Hevea brasiliensis (Record no. 61512)

MARC details
000 -LEADER
fixed length control field 00545nam a2200145Ia 4500
100 ## - MAIN ENTRY--AUTHOR NAME
Personal name Premakumari D
245 #0 - TITLE STATEMENT
Title Interclonal variability, correlations and genetic parameters of certain anatomical and physiological characters and their importance as selection criteria for drought tolerance in Hevea brasiliensis
260 ## - PUBLICATION, DISTRIBUTION, ETC. (IMPRINT)
Name of publisher Plant Physiology and Biochemistry
Year of publication 1993
300 ## - PHYSICAL DESCRIPTION
Number of Pages 122-126
700 ## - ADDED ENTRY--PERSONAL NAME
Personal name Marattukalam J G
700 ## - ADDED ENTRY--PERSONAL NAME
Personal name Panikkar A O N
700 ## - ADDED ENTRY--PERSONAL NAME
Personal name Sethuraj M R
942 ## - ADDED ENTRY ELEMENTS (KOHA)
Koha item type Journals
Holdings
Withdrawn status Lost status Damaged status Not for loan Home library Current library Shelving location Date acquired Serial Enumeration / chronology Koha item type
      Journals RRII Library RRII Library Physiology 17/12/2021 Volume 20, Issue 2 Journals